000 03188ngm a22003614i 4500
001 991061311299306706
003 ES-BaIT
005 20260209141938.0
008 250407s2004 xxk||| |-|||||q|| vleng|c
028 4 0 _a1220 D
_bOA
040 _aES-BaIT
_bcat
_erda
_cES-BaIT
080 _a793.4(086.8)
245 0 0 _aGala des étoiles /
_cOrchestra del Teatro alla Scala ; David Coleman ; Roberto Bolle, Claudio Coviello, Marlon Dino, Maria Eichwald, Melissa Hamilton, Lucia Lacarra, Nicoletta Manni, Massimo Murru, Leonid Sarafanov, Polina Semionova, Alina Somova, Ivan Vasiliev, Maria Vinogradova, Svetlana Zakharova, Mick Zeni
264 1 _aLondon :
_bOpus Arte,
_c2016
264 4 _c© 2015
300 _a1 videodisc (DVD) (142 min):
_bcolor, so;
_c19 cm
_e1 llibret (23 pàgines : il·lustracions en color)
336 _aimatge en moviment bidimensional
_btdi
_2rdacontent
337 _avídeo
_bv
_2rdamedia
338 _avideodisc
_bvd
_2rdacarrier
344 _adigital
_bmagnètic
_gestèreo
_hDolby digital 5.1
_2rda
346 _bNTSC
347 _afitxer vídeo
_bDVD vídeo
_etotes les regions
_2rda
500 _aFormat de pantalla (16:9)
505 8 _aConté: Three Preludes / choreography Ben Stevenson ; music Sergey Rachmaninov ; dancers Lucia Lacarra, Marlon Dino ; solo piano Roberto Cominati -- L'Histoire de Manon : pas de deux, act 1, scene 2 / choreography Kenneth MacMillan ; music Jules Massenet, dancers Melissa Hamilton, Claudio Coviello -- La rose malade / ballet by Roland Petit ; music Gustav Mahler ; dancers Maria Eichwald, Mick Zeni -- Gran Pas Classique / choreography Victor Gsovsky ; music Daniel-François Auber ; dancers Alina Somova, Leonid Sarafanov -- Carmen : Pas de deux / ballet by Roland Petit ; music Georges Bizet ; dancers Polina Semionova, Roberto Bolle -- The Dying Swan / choreography Mikhail Fokine ; music Camille Saint-Saens ; dancer Svetlana Zakharova- Don Quixote : Grand Pas de deux, Acte III / choreography Marius Petipa ; music Ludwig Minkus ; dancers Nicoletta Manni, Ivan Vasiliev -- Light Rain : pas de deux / choreography Gerald Arpino ; music Daouglas Adams, Russ Gauthier : dancers Lucia Lacarra, Marlon Dino -- Romeo and Juliet : Pas de deux, Acte I, escena 6 / choreography Kenneth MacMillan ; music Sergey Prokofiev ; dancers Maria Eichwald, Massimo Murru -- Spartacus : pas de deux / choreography Yuri Grigorovich ; music Aram Khachaturian ; dancers Maria Vinogradova, Ivan Vasiliev -- Prototype / concept and choreography Massimiliano Volpini ; music Piero Salvatori ; dancer Roberto Bolle -- Le Corsaire : pas de deux / choreography Marius Petipa ; music Riccardo Drigo ; dancers Svetlana Zakarova, Leonid Sarafanov -- Dance of the hours / music Amilcare Ponchielli
518 _aEnregistrat amb motiu de la "Gala des étoiles" celebrada al Teatre alla Scala de Milan el 30 d'octubre de 2015
546 _aLlibret en anglès, francès i alemany
650 0 _aDansa clàssica
_xCoreografies
_xFragments
_994241
650 0 _aDansa clàssica
_xPas de deux
_xCoreografies
_994242
710 2 _aTeatro alla Scala.
_bOrchestra
_eintèrpret
_983215
908 _aCDMAE
940 _aCDMAE
942 _2udc
_c5
999 _c137036
_d137036